Avances en el proyecto de principios de exposición o revelación desarrollado por el IASB (Registro nro. 10252)

Detalles MARC
000 -LEADER
fixed length control field 00516 a2200157 4500
001 - CONTROL NUMBER
control field ART_48097
005 - DATE AND TIME OF LATEST TRANSACTION
control field 20260410161607.0
008 - FIXED-LENGTH DATA ELEMENTS--GENERAL INFORMATION
fixed length control field 260409a
100 1# - MAIN ENTRY--PERSONAL NAME
Personal name Bertoldi, Norma
245 10 - TITLE STATEMENT
Title Avances en el proyecto de principios de exposición o revelación desarrollado por el IASB
700 1# - ADDED ENTRY--PERSONAL NAME
Personal name Priotto, Hugo C.
700 1# - ADDED ENTRY--PERSONAL NAME
Personal name Quadro, Martín E.
700 1# - ADDED ENTRY--PERSONAL NAME
Personal name Veteri, Liliana J.
700 1# - ADDED ENTRY--PERSONAL NAME
Personal name Werbin, Eliana M.
773 0# - HOST ITEM ENTRY
Title Profesional & Empresaria
Related parts - Año XIX, Nº 231 (dic. 2018)
Record control number REV70

No hay ítems disponibles.